banner koha

Uso da somatotropina recombinante bovina em búfalas leiteiras I: produção e composição físico-química do leite (Registro n. 301179)

MARC details
000 -LÍDER
fixed length control field 03909nab a2200385 i 4500
003 - CÓDIGO MARC DA AGÊNCIA CATALOGADORA
Campo de controle BR-BrBNA
005 - DATA E HORA DA ÚLTIMA ATUALIZAÇÃO
Campo de controle 20240911111018.0
008 - CAMPO DE TAMANHO FIXO
fixed length control field 240911b2018 bl.|r|pooa||| 00| 0 por |
040 ## - FONTE DA CATALOGAÇÃO
Agência catalogadora BR-BrBNA
Idioma da catalogação por
072 ## - CATEGORIA AGRIS
Código AGRIS L01
Código do objeto 5217
072 ## - CATEGORIA AGRIS
Código AGRIS L50
100 ## - ENTRADA PRINCIPAL - NOME PESSOAL
Nome pessoal Melo, W.O.
100 ## - ENTRADA PRINCIPAL - NOME PESSOAL
Nome pessoal Monteiro, B.M.
100 ## - ENTRADA PRINCIPAL - NOME PESSOAL
Nome pessoal Chaves, L.C.S.
100 ## - ENTRADA PRINCIPAL - NOME PESSOAL
Nome pessoal Santos, E.R.D.
100 ## - ENTRADA PRINCIPAL - NOME PESSOAL
Nome pessoal Leão, A.P.
100 ## - ENTRADA PRINCIPAL - NOME PESSOAL
Nome pessoal Bragança, G.M.
100 ## - ENTRADA PRINCIPAL - NOME PESSOAL
Nome pessoal Faturi, C.
100 ## - ENTRADA PRINCIPAL - NOME PESSOAL
Nome pessoal Ribeiro Filho, J.D.
100 ## - ENTRADA PRINCIPAL - NOME PESSOAL
Nome pessoal Faria Júnior, S.P.
100 ## - ENTRADA PRINCIPAL - NOME PESSOAL
Nome pessoal Viana, R.B.
245 ## - TÍTULO PRINCIPAL
Título principal Uso da somatotropina recombinante bovina em búfalas leiteiras I: produção e composição físico-química do leite
500 ## - NOTA GERAL
Nota geral Publicação online; 28 ref.; 2 tables; Summaries (En, Pt)
942 ## - ADDED ENTRY ELEMENTS (KOHA)
Koha item type
520 ## - NOTA DE RESUMO
Nota de conteúdo <br/><br/>RESUMO - Objetivou-se avaliar a influência da somatotropina recombinante bovina (rbST) sobre a produção e os constituintes do leite de búfalas entre 63 e 154 dias em lactação. Foram utilizadas 22 búfalas, distribuídas em dois grupos experimentais: grupo rbST - aplicação de 500 mg de rbST a cada 14 dias; grupo controle - sem aplicação de rbST. A cada sete dias, foi aferida a produção de leite de todas as búfalas e coletada uma amostra para análise físico-química. As variáveis produtivas e as oriundas de análises laboratoriais foram avaliadas como medidas repetidas no tempo, utilizando-se o comando Repeated gerado pelo procedimento GLM do SAS. A média dos parâmetros estudados para os grupos rbST e controle foram, respectivamente: produção de leite - 6,54 vs. 6,68 kg; gordura - 6,31 vs. 6,34%; proteína 3,86 vs. 3,81%; lactose - 4,96 vs. 5,02%; sólidos totais - 16,05 vs. 16,03%; extrato seco desengordurado - 9,75 vs. 9,74%; contagem de células somáticas - 329,90 vs. 171,68 (x 1000/mL); e elecondutividade - 2,87 vs. 2,81mS/cm. A utilização de 500mg de rbST administrados quinzenalmente, entre 63 e 154 dias em lactação não alterou a produção de leite, a proporção dos constituintes e a CCS do leite de búfalas leiteiras.<br/><br/><br/>Palavras-chave: búfalos, hormônio do crescimento, produção de leite, constituintes do leite
520 ## - NOTA DE RESUMO
Nota de conteúdo <br/><br/>ABSTRACT - This study aimed to evaluate the effect of recombinant bovine somatotropin (rbST) on milk yield and the proportion of buffalo milk components during lactation. Twenty-two buffaloes randomly distributed in two experimental groups were used: Group rbST - application of 500mg rbST every 14 days, between 63 and 154 days in milk (DIM); Control Group - without treatment. Weekly, the milk yield of buffaloes was measured and a sample was collected for physicochemical analysis. The response variables were evaluated as repeated measures, using the Repeated procedure through the GLM procedure of SAS. Means of each variable after rbST and Control were: Milk yield - 6,54 vs. 6,68 kg; Fat - 6,31 vs. 6,34%; Protein - 3,86 vs. 3,81%; Lactose - 4,96 vs. 5,02%; Milk solids - 16,05 vs. 16,03%; Defatted dry matter - 9,75 vs. 9,74%; Somatic Cells Count - 329,90 vs. 171,68 (x 1000/mL); and electrical conductivity- 2,87 vs. 2,81mS/cm. The use of 500mg of rbST administered every two weeks, between 63 and 154 DIM did not affect milk yield, proportion of milk constituents and SCC of dairy buffaloes.<br/><br/><br/>Keywords: buffalo, growth hormone, milk yield, milk constituents
650 ## - ASSUNTO - THESAGRO
Cabeçalho tópico ou nome geográfico BÚFALO
650 ## - ASSUNTO - THESAGRO
Cabeçalho tópico ou nome geográfico CRESCIMENTO
650 ## - ASSUNTO - THESAGRO
Cabeçalho tópico ou nome geográfico HORMÔNIO
650 ## - ASSUNTO - THESAGRO
Cabeçalho tópico ou nome geográfico PRODUÇÃO LEITEIRA
650 ## - ASSUNTO - THESAGRO
Cabeçalho tópico ou nome geográfico COMPOSIÇÃO QUÍMICA
773 0# - ENTRADA ANALÍTICA
Host Biblionumber 1643
Registro do item 317735
Imprenta Belo Horizonte-MG Universidade Federal de Minas Gerais - Escola de Veterinaria 1983
Outro identificador 2024-4450
Título Arquivo Brasileiro de Medicina Veterinária e Zootecnia (Brazil)
ISSN 0102-0935
Colação v. 70(3) p. 957-964; (2018)
Número de controle de registro BR2024002510
856 ## - ACESSO E ENDEREÇO ELETRÔNICO
Identificador uniforme de recurso - URI https://www.scielo.br/j/abmvz/a/9jvkNHNXwHB3ypPcDPTfQ8g/?format=pdf&lang=pt

Nenhum exemplar disponível.

BINAGRI

Telefone: (61)3218-2567/2388/3357/2097 - binagri@agro.gov.br

Ministério da Agricultura e Pecuária , Esplanada dos Ministérios, Bloco D, Anexo B, Brasília/DF, CEP: 70.043-900